[Event "Tournoi francophone 010 Groupe B"]
[Site "Skype"]
[Date "????.??.??"]
[Round "1.1"]
[White "Duthoit, Bernard"]
[Black "Malbec, Robert"]
[Result "0-1"]
[WhiteElo "1422"]
[BlackElo "1394"]
[PlyCount "106"]

1. e4 e5 2. Nf3 Nc6 3. c3 Nf6 4. d3 Bc5 5. Be3 Bxe3 6. fxe3 d6 7. Nbd2 O-O 8.
d4 Bg4 9. Be2 a6 10. O-O b5 11. a3 Qb8 12. b4 Qb7 13. d5 Ne7 14. h3 Bh5 15. Nh2
Bg6 16. Qc2 Nfxd5 17. Bd3 Nxe3 18. Qb3 Nxf1 19. Rxf1 Qb6+ 20. Kh1 Qe3 21. Qc2
c6 22. Nhf3 a5 23. Re1 Qb6 24. Qb3 axb4 25. Qxb4 Qc7 26. Ng5 h6 27. Ngf3 Ra4
28. Qb3 Rfa8 29. Nb1 Qb6 30. c4 b4 31. Nh4 Qf2 32. Rf1 Qxh4 33. c5 Bxe4 34.
Rxf7 Bd5 35. Bc4 Bxf7 36. Bxf7+ Kh8 37. Be8 Qf6 38. cxd6 Qxd6 39. Qc2 bxa3 40.
Nc3 Rc4 41. Qb3 Qb4 42. Qxb4 Rxb4 43. Bf7 Rf8 44. Be6 Rf6 45. Ba2 Rf1+ 46. Kh2
Rf2 47. Be6 Rbb2 48. Nd1 Rxg2+ 49. Kh1 Rbd2 50. Ne3 Rge2 51. Nf1 Rd1 52. Kg1 a2
53. Bxa2 Rxa2 0-1

[Event "Tournoi francophone 010 Groupe B"]
[Site "Skype"]
[Date "????.??.??"]
[Round "1.2"]
[White "Guillaume, Mickael"]
[Black "Pouteau, Pascal"]
[Result "1-0"]
[WhiteElo "1539"]
[BlackElo "1457"]
[PlyCount "45"]

1. e4 c6 2. d4 d5 3. Nc3 e6 4. a3 Nd7 5. Nf3 dxe4 6. Nxe4 Ngf6 7. Bg5 Be7 8.
Bxf6 Nxf6 9. Bd3 O-O 10. O-O Qb6 11. Qc1 Nd5 12. c4 Nf6 13. c5 Qc7 14. Ne5 Nxe4
15. Bxe4 Rd8 16. Qf4 Bf6 17. Rfd1 a5 18. Qe3 Rb8 19. Nc4 Qd7 20. Qg3 Ra8 21.
Nb6 Qe7 22. Nxa8 Bxd4 23. Qc7 1-0

[Event "Tournoi francophone 010 Groupe B"]
[Site "Skype"]
[Date "????.??.??"]
[Round "1.3"]
[White "Briere, Jean"]
[Black "Legueltel, Daniel"]
[Result "1/2-1/2"]
[WhiteElo "1404"]
[BlackElo "1528"]
[PlyCount "46"]

1. e4 e5 2. Nf3 Nc6 3. Nc3 Nf6 4. Bc4 Be7 5. O-O O-O 6. Re1 d6 7. d4 exd4 8.
Nxd4 Bd7 9. Nd5 Re8 10. c3 Nxd4 11. Qxd4 Bc6 12. Bf4 Nxd5 13. exd5 Bf6 14.
Rxe8+ Qxe8 15. Qe3 Qxe3 16. Bxe3 Bd7 17. Bd3 a6 18. Rb1 Re8 19. c4 Be5 20. f4
Bf6 21. Kf2 g6 22. b3 Kg7 23. h3 h5 1/2-1/2

[Event "Tournoi francophone 010 Groupe B"]
[Site "Skype"]
[Date "????.??.??"]
[Round "1.4"]
[White "Sauvaget, Joel"]
[Black "Le Brun, Yves"]
[Result "0-1"]
[WhiteElo "1608"]
[BlackElo "1546"]
[PlyCount "106"]

1. d4 d6 2. c4 e5 3. dxe5 dxe5 4. Qxd8+ Kxd8 5. Bg5+ f6 6. Bd2 Be6 7. e3 Bd6 8.
Nc3 Ne7 9. O-O-O Nd7 10. h3 a6 11. e4 Bc5 12. Be1 Ke8 13. Nf3 Rd8 14. Nd5 Nxd5
15. cxd5 Bf7 16. Nd2 b5 17. Nb3 Ba7 18. f3 Nc5 19. Na5 Bb6 20. Nc6 Rd7 21. Bb4
Nb7 22. Be2 a5 23. Be1 Nd6 24. Bxa5 Bxa5 25. Nxa5 Kd8 26. Nc6+ Kc8 27. Na7+ Kb7
28. Nxb5 Nxb5 29. Bxb5 Rd6 30. Bc6+ Kb6 31. Rd3 Rdd8 32. Rb3+ Kc5 33. Rd1 Bg6
34. Rd2 f5 35. Re2 fxe4 36. fxe4 Rhf8 37. Rc3+ Kd6 38. Bb5 Rf1+ 39. Kd2 Rdf8
40. Rf3 R1xf3 41. gxf3 Rxf3 42. Re3 Rf4 43. Bd3 Kc5 44. Kc3 Bh5 45. b4+ Kd6 46.
a4 Rf2 47. a5 Ra2 48. a6 Bd1 49. Re1 Ra3+ 50. Kd2 Bh5 51. Kc2 Ra2+ 52. Kb3 Rf2
53. Kc3 Rf8 0-1

[Event "Tournoi francophone 010 Groupe B"]
[Site "Skype"]
[Date "????.??.??"]
[Round "1.5"]
[White "Tamditi, Ibrahim"]
[Black "Gerbaux, Regis"]
[Result "0-1"]
[WhiteElo "1499"]
[BlackElo "1355"]
[PlyCount "130"]

1. Nf3 Nc6 2. g3 Nf6 3. Bg2 g6 4. d4 Bg7 5. Bg5 O-O 6. Bxf6 Bxf6 7. c3 d5 8.
Na3 a6 9. b4 Bf5 10. Nd2 Qd7 11. Qb3 e6 12. h3 e5 13. Bxd5 exd4 14. Bxc6 Qxc6
15. Nf3 dxc3 16. Rc1 Be6 17. Qc2 Rfd8 18. g4 Rd2 19. Nxd2 Qxh1+ 20. Nf1 Rd8 21.
Nb1 Qxh3 22. Nxc3 Qxg4 23. Ne4 Bg5 24. Nxg5 Qxg5 25. Qxc7 Rc8 26. Rc5 Rxc7 27.
Rxg5 Rc1+ 28. Kd2 Rxf1 29. Ke3 Bxa2 30. Ra5 Bc4 31. Rc5 Bb5 32. Rc7 Rb1 33.
Rc8+ Kg7 34. Rb8 Rxb4 35. Rxb7 a5 36. Re7 a4 37. Ra7 Rb3+ 38. Kd2 Rb2+ 39. Kc3
Rb3+ 40. Kc2 Ra3 41. e3 h5 42. Ra5 Bd3+ 43. Kb2 Rb3+ 44. Ka2 Bb1+ 45. Ka1 a3
46. Ra4 Bc2 47. Ka2 Rb2+ 48. Kxa3 Bxa4 49. Kxb2 Kf6 50. Kc3 Ke5 51. Kd3 h4 52.
Ke2 Ke4 53. f3+ Kf5 54. e4+ Kf4 55. Kf2 g5 56. Kg2 Bd7 57. Kh2 Kxf3 58. e5 g4
59. e6 Bxe6 60. Kh1 g3 61. Kg1 Ke2 62. Kg2 Bg4 63. Kg1 h3 64. Kh1 Bf3+ 65. Kg1
h2# 0-1

[Event "Tournoi francophone 010 Groupe B"]
[Site "Skype"]
[Date "????.??.??"]
[Round "2.1"]
[White "Malbec, Robert"]
[Black "Gerbaux, Regis"]
[Result "0-1"]
[WhiteElo "1394"]
[BlackElo "1355"]
[PlyCount "44"]

1. e4 c5 2. Nf3 d6 3. d4 cxd4 4. Nxd4 e5 5. Nf3 Nf6 6. Nc3 Bg4 7. h3 Bxf3 8.
Qxf3 Be7 9. Bc4 O-O 10. O-O Nc6 11. a3 Rc8 12. b4 Nd4 13. Qd1 Rxc4 14. Qd3 Rxc3
15. Qxc3 Ne2+ 16. Kh1 Nxc3 17. f3 Ne2 18. Kh2 Nh5 19. Bb2 Bh4 20. g4 Nhf4 21.
Rad1 Bg3+ 22. Kh1 Qh4 0-1

[Event "Tournoi francophone 010 Groupe B"]
[Site "Skype"]
[Date "????.??.??"]
[Round "2.2"]
[White "Le Brun, Yves"]
[Black "Tamditi, Ibrahim"]
[Result "1-0"]
[WhiteElo "1546"]
[BlackElo "1499"]
[PlyCount "143"]

1. e4 g6 2. Nf3 Bg7 3. c3 d6 4. d3 Bg4 5. Be2 Bxf3 6. Bxf3 e5 7. Nd2 Ne7 8. Nf1
Nbc6 9. Ne3 O-O 10. h4 Bh6 11. Ng4 Bxc1 12. Qxc1 f5 13. Nh6+ Kg7 14. exf5 Nxf5
15. Nxf5+ Rxf5 16. Qe3 Qf6 17. Be4 Rh5 18. Qg3 Kh8 19. Ke2 Rd8 20. Bf3 Rf5 21.
Bg4 Rf4 22. f3 h5 23. Bh3 Rxh4 24. Bg4 Rxh1 25. Rxh1 Qg5 26. Qh4 Qxh4 27. Rxh4
d5 28. a3 d4 29. c4 Rd6 30. Bxh5 gxh5 31. Rxh5+ Kg7 32. Rf5 Ne7 33. Rxe5 Ng6
34. Rg5 Kf6 35. Rg4 Re6+ 36. Kd2 Kf5 37. Rxd4 Nf4 38. g3 Ne2 39. g4+ Kg5 40.
Re4 Rxe4 41. fxe4 Kxg4 42. Kxe2 Kf4 43. Kf2 Ke5 44. Ke3 c5 45. b4 cxb4 46. axb4
b6 47. c5 bxc5 48. bxc5 Ke6 49. Kd4 a5 50. c6 Kd6 51. c7 Kxc7 52. Kc4 Kc6 53.
d4 Kb6 54. e5 Kc6 55. d5+ Kd7 56. Kb5 a4 57. Kxa4 Ke7 58. Kb5 Kd7 59. Kb6 Kd8
60. Kc6 Ke7 61. e6 Kf6 62. Kd7 Ke5 63. d6 Kf6 64. e7 Ke5 65. e8=Q+ Kd5 66. Kc7
Kc5 67. d7 Kc4 68. d8=Q Kc3 69. Qe3+ Kc4 70. Qdd4+ Kb5 71. Qee5+ Ka6 72. Qa4#
1-0

[Event "Tournoi francophone 010 Groupe B"]
[Site "Skype"]
[Date "????.??.??"]
[Round "2.3"]
[White "Legueltel, Daniel"]
[Black "Sauvaget, Joel"]
[Result "1-0"]
[WhiteElo "1528"]
[BlackElo "1608"]
[PlyCount "44"]

1. e4 e5 2. Nf3 Nc6 3. Bc4 h6 4. O-O Nf6 5. Re1 Be7 6. h3 O-O 7. c3 d6 8. d4
exd4 9. cxd4 a6 10. Nc3 b5 11. Bd3 Bb7 12. a3 Re8 13. Bf4 Bf8 14. Qc2 Nh5 15.
Bh2 Nf6 16. Rad1 Qc8 17. Rc1 Qd7 18. Ne2 Rac8 19. e5 dxe5 20. Bf5 Qd6 21. Bxc8
Rxc8 22. dxe5 Nxe5 1-0

[Event "Tournoi francophone 010 Groupe B"]
[Site "Skype"]
[Date "????.??.??"]
[Round "2.4"]
[White "Pouteau, Pascal"]
[Black "Briere, Jean"]
[Result "1/2-1/2"]
[WhiteElo "1457"]
[BlackElo "1404"]
[PlyCount "61"]

1. d4 d5 2. c4 e6 3. Nc3 Nf6 4. Nf3 Nc6 5. Bg5 Be7 6. e3 O-O 7. Bd3 dxc4 8.
Bxc4 h6 9. Bh4 Nd5 10. Bxe7 Ndxe7 11. O-O Ng6 12. g3 b6 13. Re1 Bb7 14. Rc1 Nb4
15. a3 Nd5 16. Nxd5 Bxd5 17. Bxd5 exd5 18. Rc6 Ne7 19. Rc2 Rc8 20. Qc1 Qd6 21.
Ne5 c6 22. Rc3 f6 23. Nf3 g5 24. Qc2 Kg7 25. Kg2 Rc7 26. Rc1 Rfc8 27. Nd2 f5
28. Nf3 Qe6 29. Ne5 Kf6 30. Rh1 Ng6 31. Nxg6 1/2-1/2

[Event "Tournoi francophone 010 Groupe B"]
[Site "Skype"]
[Date "????.??.??"]
[Round "2.5"]
[White "Duthoit, Bernard"]
[Black "Guillaume, Mickael"]
[Result "1-0"]
[WhiteElo "1422"]
[BlackElo "1539"]
[PlyCount "51"]

1. e4 e5 2. Nf3 Nc6 3. Bc4 Bc5 4. c3 Nf6 5. d3 O-O 6. Be3 Bxe3 7. fxe3 d5 8.
exd5 Nxd5 9. e4 Ne3 10. Qe2 Nxc4 11. dxc4 f5 12. Nbd2 g5 13. O-O-O g4 14. Ne1
Qg5 15. h4 gxh3 16. Nef3 Qf4 17. gxh3 fxe4 18. Rhg1+ Kh8 19. Qxe4 Qxe4 20. Nxe4
Rxf3 21. Ng5 Rf8 22. Rde1 Bf5 23. h4 Rad8 24. Nf3 e4 25. Ng5 Rfe8 26. Nf7# 1-0

[Event "Tournoi francophone 010 Groupe B"]
[Site "Skype"]
[Date "????.??.??"]
[Round "3.1"]
[White "Guillaume, Mickael"]
[Black "Malbec, Robert"]
[Result "1-0"]
[WhiteElo "1539"]
[BlackElo "1394"]
[PlyCount "87"]

1. e4 e5 2. Nf3 Nc6 3. Bc4 Bc5 4. Nc3 Nf6 5. O-O O-O 6. d3 h6 7. Be3 Bxe3 8.
fxe3 d6 9. Nd5 Na5 10. Nxf6+ Qxf6 11. Nd2 Qg5 12. Qf3 Nxc4 13. Nxc4 Bg4 14. Qg3
Be6 15. Qxg5 hxg5 16. Na5 Rab8 17. Rf3 f5 18. Nb3 Bxb3 19. axb3 a6 20. Rxf5
Rxf5 21. exf5 Rf8 22. e4 Rf6 23. Ra4 g6 24. g4 gxf5 25. gxf5 c6 26. c4 d5 27.
Ra5 dxe4 28. dxe4 b5 29. Rxa6 bxc4 30. bxc4 Kf7 31. Ra7+ Ke8 32. Ra5 Rd6 33.
Rxe5+ Kf7 34. Rc5 Ke7 35. e5 Rd1+ 36. Kf2 Kd7 37. e6+ Kd6 38. Re5 Ke7 39. f6+
Kxf6 40. e7 Kxe5 41. e8=Q+ Kf5 42. Qxc6 Rd2+ 43. Ke3 Rxb2 44. Qe4+ 1-0

[Event "Tournoi francophone 010 Groupe B"]
[Site "Skype"]
[Date "????.??.??"]
[Round "3.2"]
[White "Briere, Jean"]
[Black "Duthoit, Bernard"]
[Result "1-0"]
[WhiteElo "1404"]
[BlackElo "1422"]
[PlyCount "37"]

1. e4 e6 2. d4 d5 3. e5 c5 4. Nf3 Nc6 5. Bb5 Bd7 6. O-O Nxe5 7. Bxd7+ Nxd7 8.
Nc3 Nb6 9. b3 Nf6 10. Re1 Rc8 11. Ba3 Be7 12. dxc5 Bxc5 13. Bxc5 Rxc5 14. Qd3
O-O 15. Rad1 Qc8 16. Re3 Rd8 17. h3 Ne4 18. Nxe4 dxe4 19. Qxd8+ 1-0

[Event "Tournoi francophone 010 Groupe B"]
[Site "Skype"]
[Date "????.??.??"]
[Round "3.3"]
[White "Sauvaget, Joel"]
[Black "Pouteau, Pascal"]
[Result "1-0"]
[WhiteElo "1608"]
[BlackElo "1457"]
[PlyCount "55"]

1. d4 d5 2. c4 e6 3. Nf3 Nf6 4. Bg5 Nbd7 5. Nc3 b6 6. e3 Bb7 7. Qc2 Be7 8.
O-O-O dxc4 9. Bxc4 Rc8 10. Qb3 c5 11. d5 Nxd5 12. Bxe7 Nxe7 13. Ne5 Rc7 14. Bb5
Bd5 15. Nxd5 Nxd5 16. Bxd7+ Rxd7 17. Nxd7 Qxd7 18. e4 c4 19. Qxc4 Qc7 20. Qxc7
Nxc7 21. Rd2 O-O 22. Rhd1 h6 23. Rd8 a5 24. Rxf8+ Kxf8 25. a4 Ke7 26. Kc2 Kf6
27. b3 e5 28. Rd6+ 1-0

[Event "Tournoi francophone 010 Groupe B"]
[Site "Skype"]
[Date "????.??.??"]
[Round "3.5"]
[White "Gerbaux, Regis"]
[Black "Le Brun, Yves"]
[Result "1-0"]
[WhiteElo "1355"]
[BlackElo "1546"]
[PlyCount "73"]

1. e4 g6 2. d4 Nf6 3. e5 Nd5 4. Bc4 e6 5. Nf3 h6 6. O-O Nb6 7. Bb3 d5 8. c3 Bg7
9. Bf4 Bd7 10. Nbd2 Nc6 11. c4 Na5 12. Rc1 Nxb3 13. Qxb3 Ba4 14. Qb4 a5 15. Qc3
dxc4 16. Nxc4 Nd5 17. Qd2 Nxf4 18. Qxf4 Bc6 19. Rc3 O-O 20. Ne3 f6 21. Qg3 Be8
22. Rd1 f5 23. Nc2 g5 24. Nfe1 f4 25. Qf3 c6 26. Qe4 h5 27. g3 Bh6 28. Rdd3 Kg7
29. Qe2 Bg6 30. Rd1 g4 31. f3 Qg5 32. Ng2 fxg3 33. hxg3 gxf3 34. Rxf3 Rxf3 35.
Qxf3 Rf8 36. Qb3 Qxg3 37. Qxg3 1-0

[Event "Tournoi francophone 010 Groupe B"]
[Site "Skype"]
[Date "????.??.??"]
[Round "4.1"]
[White "Malbec, Robert"]
[Black "Le Brun, Yves"]
[Result "0-1"]
[WhiteElo "1394"]
[BlackElo "1546"]
[PlyCount "87"]

1. e4 g6 2. d4 Bg7 3. c3 Nf6 4. e5 Nd5 5. Nf3 e6 6. c4 Ne7 7. Bg5 O-O 8. Qd2
Qe8 9. Bh6 Nf5 10. Bxg7 Kxg7 11. Nc3 a6 12. Ne4 Nc6 13. d5 exd5 14. cxd5 Nxe5
15. Qc3 f6 16. O-O-O d6 17. h3 Qa4 18. Bd3 Nxd3+ 19. Qxd3 Bd7 20. a3 Bb5 21.
Qc2 Qxc2+ 22. Kxc2 Rfe8 23. Nc3 Be2 24. Nxe2 Rxe2+ 25. Rd2 Rxd2+ 26. Kxd2 c5
27. dxc6 bxc6 28. g4 Ne7 29. Re1 Kf7 30. b4 a5 31. Rb1 axb4 32. axb4 Ra3 33.
Ke2 Nd5 34. Rc1 Nxb4 35. Ng1 c5 36. Kf1 Nd3 37. Rd1 c4 38. Kg2 Ra2 39. Rf1 c3
40. Rd1 Rxf2+ 41. Kh1 c2 42. Rxd3 c1=Q 43. Rxd6 Ke7 44. Rd4 0-1

[Event "Tournoi francophone 010 Groupe B"]
[Site "Skype"]
[Date "????.??.??"]
[Round "4.2"]
[White "Legueltel, Daniel"]
[Black "Gerbaux, Regis"]
[Result "1-0"]
[WhiteElo "1528"]
[BlackElo "1355"]
[PlyCount "45"]

1. Nf3 d5 2. d4 e6 3. c4 Nf6 4. Nc3 Bb4 5. Bd2 Nbd7 6. e3 Bxc3 7. Bxc3 Ne4 8.
Rc1 b6 9. cxd5 exd5 10. Bd3 Bb7 11. b4 c5 12. bxc5 bxc5 13. dxc5 Nxc3 14. Rxc3
Rc8 15. Qc2 Nf6 16. O-O O-O 17. Nd4 Bc6 18. Rb1 Qa5 19. Nxc6 Rxc6 20. Bb5 Rcc8
21. c6 Rc7 22. Bd3 Re7 23. c7 1-0

[Event "Tournoi francophone 010 Groupe B"]
[Site "Skype"]
[Date "????.??.??"]
[Round "4.3"]
[White "Pouteau, Pascal"]
[Black "Tamditi, Ibrahim"]
[Result "1/2-1/2"]
[WhiteElo "1457"]
[BlackElo "1499"]
[PlyCount "79"]

1. d4 g6 2. c4 Bg7 3. Nc3 Nf6 4. e4 d6 5. Nf3 O-O 6. Be2 b6 7. Bg5 Bb7 8. Qc2
Nfd7 9. Rd1 Qc8 10. h3 Na6 11. a3 c5 12. Bxe7 Re8 13. Bxd6 cxd4 14. Nxd4 Bxd4
15. Rxd4 Nac5 16. O-O Ne6 17. Rd2 Ng5 18. Nd5 Nxe4 19. Ne7+ Rxe7 20. Bxe7 Nxd2
21. Qxd2 Ne5 22. Bf6 Qc6 23. Qd5 Qxd5 24. cxd5 Nd7 25. Bc3 Bxd5 26. Rd1 Bc6 27.
b4 b5 28. Rd6 Rc8 29. Kh2 Bxg2 30. Kxg2 Rxc3 31. Rxd7 Rxa3 32. Bxb5 a6 33. Ra7
Rb3 34. Rxa6 Rxb4 35. Bc6 Kg7 36. Ra3 Rb6 37. Bf3 Rf6 38. Ra5 Kf8 39. Ra8+ Kg7
40. Ra5 1/2-1/2

[Event "Tournoi francophone 010 Groupe B"]
[Site "Skype"]
[Date "????.??.??"]
[Round "4.4"]
[White "Duthoit, Bernard"]
[Black "Sauvaget, Joel"]
[Result "1/2-1/2"]
[WhiteElo "1422"]
[BlackElo "1608"]
[PlyCount "46"]

1. e4 e5 2. Nf3 Nc6 3. Bb5 d6 4. Nc3 Nf6 5. d3 Be7 6. O-O O-O 7. Be3 a6 8. Ba4
Bg4 9. h3 Bd7 10. a3 Qc8 11. b4 Be6 12. Bb3 Bxb3 13. cxb3 h6 14. Ne2 Rd8 15.
Ng3 d5 16. Qc1 Bf8 17. Bc5 d4 18. Nf5 Kh7 19. Bxf8 Rxf8 20. Qc5 Qe6 21. Qc4
Rfe8 22. Qxe6 Rxe6 23. Rac1 g6 1/2-1/2

[Event "Tournoi francophone 010 Groupe B"]
[Site "Skype"]
[Date "????.??.??"]
[Round "5.1"]
[White "Briere, Jean"]
[Black "Malbec, Robert"]
[Result "0-1"]
[WhiteElo "1404"]
[BlackElo "1394"]
[PlyCount "44"]

1. e4 e5 2. Nf3 Nc6 3. Bc4 Bc5 4. Nc3 Nf6 5. d3 h6 6. O-O O-O 7. Be3 Qe7 8. d4
exd4 9. Nxd4 Nxd4 10. Bxd4 Bxd4 11. Qxd4 c5 12. Qe3 d6 13. Nd5 Nxd5 14. exd5
Qxe3 15. fxe3 Re8 16. Rae1 Bd7 17. Bd3 b5 18. a3 c4 19. Bxc4 bxc4 20. Rf3 Re5
21. e4 Rae8 22. Ref1 R8e7 0-1

[Event "Tournoi francophone 010 Groupe B"]
[Site "Skype"]
[Date "????.??.??"]
[Round "5.2"]
[White "Sauvaget, Joel"]
[Black "Guillaume, Mickael"]
[Result "1/2-1/2"]
[WhiteElo "1608"]
[BlackElo "1539"]
[PlyCount "77"]

1. d4 f5 2. c4 e6 3. Nc3 Nc6 4. Nf3 Nf6 5. Bg5 Be7 6. e3 O-O 7. Be2 Ne4 8. Bxe7
Qxe7 9. Rc1 Nb4 10. a3 Nxc3 11. bxc3 Nc6 12. O-O Qxa3 13. d5 Nd8 14. Qd3 Nf7
15. Nd4 Ne5 16. Qc2 Qc5 17. dxe6 dxe6 18. Rb1 a6 19. Rfd1 Nxc4 20. Bxc4 Qxc4
21. Rb4 Qc5 22. Nb3 Qe5 23. Rbd4 c5 24. Rd8 c4 25. Rxf8+ Kxf8 26. Nd2 Qc7 27.
Nf3 g6 28. Qd2 Ke7 29. Qd4 e5 30. Nxe5 Be6 31. Nf3 Rg8 32. Ng5 Bf7 33. Nxf7
Kxf7 34. Qd5+ Kf8 35. Qe6 Rg7 36. Qf6+ Ke8 37. Qe6+ Kf8 38. Qf6+ Ke8 39. Qe6+
1/2-1/2

[Event "Tournoi francophone 010 Groupe B"]
[Site "Skype"]
[Date "????.??.??"]
[Round "5.3"]
[White "Tamditi, Ibrahim"]
[Black "Duthoit, Bernard"]
[Result "0-1"]
[WhiteElo "1499"]
[BlackElo "1422"]
[PlyCount "50"]

1. Nf3 e6 2. g3 d5 3. Bg2 Nf6 4. d4 c5 5. Bg5 h6 6. Bxf6 Qxf6 7. dxc5 Bxc5 8.
O-O Qxb2 9. Nbd2 Nc6 10. e4 Ne7 11. exd5 Nxd5 12. Nc4 Qf6 13. Nfe5 b5 14. Bxd5
exd5 15. Qxd5 O-O 16. Qxc5 bxc4 17. Nxc4 Bh3 18. Rfe1 Qf3 19. Ne3 Rfe8 20. Qd5
Qxd5 21. Nxd5 Rxe1+ 22. Rxe1 Be6 23. Nc7 Rd8 24. Nxe6 Re8 25. Rd1 fxe6 0-1

[Event "Tournoi francophone 010 Groupe B"]
[Site "Skype"]
[Date "????.??.??"]
[Round "5.4"]
[White "Gerbaux, Regis"]
[Black "Pouteau, Pascal"]
[Result "0-1"]
[WhiteElo "1355"]
[BlackElo "1457"]
[PlyCount "36"]

1. e4 e5 2. Bc4 Nf6 3. d3 Nc6 4. Nf3 Be7 5. O-O O-O 6. Re1 d5 7. exd5 Nxd5 8.
Nxe5 Nxe5 9. Rxe5 Be6 10. Bxd5 Bxd5 11. Qe1 Re8 12. Nc3 Bc6 13. Bf4 Bd6 14.
Rxe8+ Qxe8 15. Bxd6 Bxg2 16. Bxc7 Qc6 17. h3 Bxh3 18. Kh2 Qg2# 0-1

[Event "Tournoi francophone 010 Groupe B"]
[Site "Skype"]
[Date "????.??.??"]
[Round "5.5"]
[White "Le Brun, Yves"]
[Black "Legueltel, Daniel"]
[Result "1/2-1/2"]
[WhiteElo "1546"]
[BlackElo "1528"]
[PlyCount "42"]

1. e4 c5 2. Nf3 Nc6 3. d3 g6 4. Bf4 Bg7 5. c3 Nf6 6. Nbd2 O-O 7. g3 e6 8. Bg2
d5 9. O-O dxe4 10. Nxe4 Nxe4 11. dxe4 e5 12. Be3 Qe7 13. Qe2 Bg4 14. h3 Bxf3
15. Bxf3 Rfd8 16. Rad1 b6 17. Rd5 Qe6 18. Kg2 Ne7 19. Rxd8+ Rxd8 20. b3 Qc6 21.
Bg5 Qe6 1/2-1/2

[Event "Tournoi francophone 010 Groupe B"]
[Site "Skype"]
[Date "????.??.??"]
[Round "6.1"]
[White "Malbec, Robert"]
[Black "Legueltel, Daniel"]
[Result "0-1"]
[WhiteElo "1394"]
[BlackElo "1528"]
[PlyCount "108"]

1. e4 e5 2. Nf3 Nc6 3. Bc4 Nf6 4. Ng5 d5 5. exd5 Nxd5 6. Nxf7 Kxf7 7. Qf3+ Qf6
8. Bxd5+ Be6 9. Bxe6+ Kxe6 10. Qb3+ Kd7 11. O-O Bc5 12. Qd3+ Kc8 13. Qg3 Nd4
14. Qd3 a5 15. c3 Nf5 16. Qh3 Kb8 17. d3 Ra6 18. b3 Rd6 19. c4 Bd4 20. Nd2 Bxa1
21. Ne4 Qg6 22. Nxd6 Nxd6 23. Ba3 Bd4 24. b4 axb4 25. Bxb4 h5 26. Ba5 Rd8 27.
Qh4 Rd7 28. Qh3 Rf7 29. Qh4 Rf6 30. Be1 Nf5 31. Qh3 Ra6 32. Qf3 Rxa2 33. Qd5
Ka7 34. c5 Ra6 35. Qe4 Rc6 36. Bb4 Qf6 37. Qf3 g5 38. g4 hxg4 39. Qxg4 Nh4 40.
Ra1+ Ra6 41. Rxa6+ Kxa6 42. Qg3 Nf5 43. Qf3 Qe6 44. Qg4 Qg6 45. Qe4 Ne7 46. Qe2
Ka7 47. Qa2+ Kb8 48. Qe2 Nd5 49. Ba3 Nf4 50. Qd1 Nh3+ 51. Kg2 Nxf2 52. Qf3 Nxd3
53. Qf8+ Ka7 54. Qf3 Ne1+ 0-1

[Event "Tournoi francophone 010 Groupe B"]
[Site "Skype"]
[Date "????.??.??"]
[Round "6.2"]
[White "Pouteau, Pascal"]
[Black "Le Brun, Yves"]
[Result "0-1"]
[WhiteElo "1457"]
[BlackElo "1546"]
[PlyCount "98"]

1. d4 d6 2. c4 e5 3. dxe5 dxe5 4. Qxd8+ Kxd8 5. Nc3 c6 6. Nf3 Bd6 7. Bg5+ f6 8.
Ne4 Bb4+ 9. Bd2 Bxd2+ 10. Nfxd2 Ke7 11. e3 Nh6 12. Be2 Be6 13. Rd1 Nd7 14. c5
Nf7 15. a3 f5 16. Nc3 Nxc5 17. O-O Rad8 18. Nf3 Nb3 19. h3 e4 20. Nd4 Nxd4 21.
Rxd4 Rxd4 22. exd4 Bb3 23. Re1 Rd8 24. f3 Rxd4 25. fxe4 fxe4 26. Bf3 Bd5 27.
Nxe4 Kf8 28. Kf2 Bxe4 29. Bxe4 Ng5 30. Bc2 Rd2+ 31. Re2 Rxe2+ 32. Kxe2 g6 33.
Kf2 Ke7 34. Ke2 Kd6 35. Kd3 Ke5 36. Ke3 c5 37. Ba4 a6 38. Bd1 b5 39. Bc2 Ne6
40. Be4 c4 41. Bb7 a5 42. Be4 Nc5 43. Bc2 b4 44. axb4 axb4 45. Bd1 b3 46. Be2
Kd5 47. Bf3+ Ke5 48. Be2 c3 49. Bd1 cxb2 0-1

[Event "Tournoi francophone 010 Groupe B"]
[Site "Skype"]
[Date "????.??.??"]
[Round "6.3"]
[White "Duthoit, Bernard"]
[Black "Gerbaux, Regis"]
[Result "1-0"]
[WhiteElo "1422"]
[BlackElo "1355"]
[PlyCount "53"]

1. e4 e5 2. Nf3 d6 3. Nc3 Nf6 4. Bc4 h6 5. O-O Be7 6. d4 Nxe4 7. Nxe4 d5 8.
Bxd5 Qxd5 9. Nc3 Qd8 10. dxe5 O-O 11. Qxd8 Rxd8 12. Bf4 Be6 13. Rfe1 Nc6 14.
Nb5 Rd7 15. Red1 Rxd1+ 16. Rxd1 Bxa2 17. b3 a6 18. Nc3 Nb4 19. Nd5 Nxd5 20.
Rxd5 Bb1 21. Ne1 Bb4 22. Bd2 a5 23. Bxb4 axb4 24. Rd1 Re8 25. Rxb1 Rxe5 26. Nd3
Re4 27. f3 1-0

[Event "Tournoi francophone 010 Groupe B"]
[Site "Skype"]
[Date "????.??.??"]
[Round "6.5"]
[White "Briere, Jean"]
[Black "Sauvaget, Joel"]
[Result "0-1"]
[WhiteElo "1404"]
[BlackElo "1608"]
[PlyCount "36"]

1. e4 e5 2. Nf3 Nc6 3. Bc4 h6 4. d3 Nf6 5. O-O Be7 6. Nc3 d6 7. h3 O-O 8. Re1
Na5 9. Bb3 Nxb3 10. axb3 Bd7 11. Be3 a6 12. Ne2 Bc6 13. Ng3 Re8 14. c4 Bf8 15.
Bd2 b5 16. Bb4 Bb7 17. d4 exd4 18. Qxd4 c5 0-1

[Event "Tournoi francophone 010 Groupe B"]
[Site "Skype"]
[Date "????.??.??"]
[Round "7.1"]
[White "Sauvaget, Joel"]
[Black "Malbec, Robert"]
[Result "1-0"]
[WhiteElo "1608"]
[BlackElo "1394"]
[PlyCount "209"]

1. d4 d5 2. c4 Nf6 3. Nc3 c6 4. Bg5 e6 5. e3 Bb4 6. Qc2 Nbd7 7. a3 Bxc3+ 8.
Qxc3 h6 9. Bh4 a6 10. Nf3 dxc4 11. Qxc4 O-O 12. Bd3 Qc7 13. Bg3 Qd8 14. h3 Nb6
15. Qc2 Nbd5 16. O-O Bd7 17. Rad1 g6 18. Bh4 Kg7 19. e4 Nf4 20. e5 g5 21. exf6+
Qxf6 22. Bg3 Rh8 23. Ne5 Rad8 24. Nxd7 Rxd7 25. Bxf4 Qxf4 26. Qc3 f6 27. Bc2 g4
28. Qd3 f5 29. Qg3 Qxg3 30. fxg3 Rhd8 31. Bb3 Rd6 32. Rfe1 Kf6 33. Re3 h5 34.
h4 b5 35. Rde1 Re8 36. Bc2 Rxd4 37. Rf1 Re7 38. Rd1 Red7 39. Rxd4 Rxd4 40. Rd3
Re4 41. Rd6 Rc4 42. Bb3 Rc1+ 43. Kh2 Ke5 44. Rxe6+ Kd4 45. Rf6 Ke5 46. Rh6 a5
47. a4 Rb1 48. axb5 cxb5 49. Rxh5 Rxb2 50. Bg8 Rb1 51. Rh7 b4 52. Ra7 Ra1 53.
Bb3 Ra3 54. h5 Rxb3 55. Rxa5+ Kf6 56. h6 Kg6 57. h7 Kxh7 58. Rxf5 Kg6 59. Rb5
Rb1 60. Rc5 b3 61. Rc4 b2 62. Rxg4+ Kf5 63. Rb4 Ke5 64. g4 Kd5 65. g5 Kc5 66.
Rb8 Kd6 67. g6 Kc7 68. Rb3 Re1 69. Rxb2 Re8 70. Rd2 Rg8 71. g4 Rxg6 72. Kg3 Kc6
73. Kh4 Kc5 74. Kh5 Re6 75. g5 Kc4 76. g6 Kc3 77. Rd7 Kc4 78. Kh6 Kc5 79. Kh7
Kc6 80. Rd2 Re3 81. Rf2 Rh3+ 82. Kg7 Rg3 83. Kf7 Kd6 84. g7 Rg4 85. g8=Q Rxg8
86. Kxg8 Kd5 87. Kf7 Ke4 88. Kf6 Ke3 89. Rf5 Kd3 90. Re5 Kc3 91. Rd5 Kc4 92.
Ke5 Kc3 93. Rd4 Kb3 94. Ke4 Kc3 95. Ke3 Kb3 96. Kd3 Kb2 97. Rc4 Kb3 98. Kd4 Kb2
99. Rc3 Kb1 100. Kd3 Kb2 101. Kd2 Kb1 102. Rc2 Ka1 103. Kc3 Kb1 104. Kb3 Ka1
105. Rc1# 1-0

[Event "Tournoi francophone 010 Groupe B"]
[Site "Skype"]
[Date "????.??.??"]
[Round "7.2"]
[White "Tamditi, Ibrahim"]
[Black "Briere, Jean"]
[Result "1-0"]
[WhiteElo "1499"]
[BlackElo "1404"]
[PlyCount "51"]

1. e4 e5 2. Nf3 Nc6 3. Bc4 Bc5 4. Nxe5 Nxe5 5. Qh5 Qf6 6. O-O d6 7. c3 Nxc4 8.
d3 Nh6 9. dxc4 Bg4 10. Qd5 O-O-O 11. Bg5 Be6 12. Bxf6 Bxd5 13. Bxd8 Rxd8 14.
exd5 Re8 15. Nd2 Ng4 16. b4 Bxf2+ 17. Rxf2 Nxf2 18. Kxf2 f5 19. Nf3 h6 20. Nd4
Re4 21. Kf3 g6 22. h3 h5 23. c5 dxc5 24. bxc5 c6 25. dxc6 bxc6 26. Nxc6 1-0

[Event "Tournoi francophone 010 Groupe B"]
[Site "Skype"]
[Date "????.??.??"]
[Round "7.3"]
[White "Gerbaux, Regis"]
[Black "Guillaume, Mickael"]
[Result "0-1"]
[WhiteElo "1355"]
[BlackElo "1539"]
[PlyCount "46"]

1. e4 e5 2. Nf3 Nc6 3. Bc4 Bc5 4. O-O Nf6 5. d3 O-O 6. c3 d5 7. exd5 Nxd5 8.
Re1 Bg4 9. h3 Bxf3 10. Qxf3 Nb6 11. Bb5 Qf6 12. Qxf6 gxf6 13. Bh6 Rfd8 14. Bxc6
bxc6 15. Re4 Rxd3 16. Rg4+ Kh8 17. Bg7+ Kg8 18. Bxf6+ Kf8 19. Bg7+ Ke7 20. Bxe5
Rd1+ 21. Kh2 Bxf2 22. Bxc7 Nd5 23. Rf4 Nxf4 0-1